| 000 | 00990nam a22002417a 4500 | ||
|---|---|---|---|
| 005 | 20241218123832.0 | ||
| 010 | _aB-746602-606 E.N.A. / 7.11.22 ENG-143078 | ||
| 020 |
_a9789355012760 _c1375.00 |
||
| 035 | _aB-746602-606 | ||
| 035 | _aEN-126610 | ||
| 037 | _bAakar | ||
| 082 | _a541.3 | ||
| 100 |
_aBahl, Arun _975357 |
||
| 245 |
_aEssentials of Physical Chemistry SI Units: _bFor BSc Students/ _cBy Arun Bahl. ..[et.al] |
||
| 250 | _a28th | ||
| 260 |
_aNew Delhi _bS Chand And Company Limited _c2022 |
||
| 270 |
_aBlock B-1,House No.D-1, Ground Floor,Mohan Co-operative Industrial Estate _bNew Delhi _e110044 _k011-66672000 _minfo@schandpublishing.com |
||
| 300 |
_a1222p _c24cm(hbk) |
||
| 700 |
_aBahi, S B _975358 |
||
| 700 |
_aTuli, D G _975359 |
||
| 942 |
_2ddc _cEN _mBAH _h541.3 |
||
| 999 |
_c193765 _d193765 |
||